Memoria de las Primeras Jornadas Alarconianas /

Uloženo v:
Podrobná bibliografie
Korporativní autor: Jornadas Alarconianas ( Taxco, Guerrero)
Další autoři: Alcalá, Manuel (autor) (autor), Azar, Héctor (introducción) (introducción)
Médium: Konferenční příspěvek Kniha
Jazyk:španělština
Vydáno: Chilpancingo, México : México : Gobierno del Estado de Guerrero; Patria, 1989, c1989
Témata:
Tagy: Přidat tag
Žádné tagy, Buďte první, kdo vytvoří štítek k tomuto záznamu!

MARC

LEADER 00000nam^a2200000^a^4500
001 000186923
005 20250526000000.0
009 20260310102243.861
020 |a 968-39-0218-9 
037 |a Acervo ITESO - Biblioteca 
041 |a ESP 
082 |a 306.  |b JOR 1988 
111 |a Jornadas Alarconianas (  |n 1º :  |d 1988 :  |c Taxco, Guerrero) 
240 1 1 |a [Jornadas Alarconianas] 
245 1 0 |a Memoria de las Primeras Jornadas Alarconianas /  |c M. Alcalá... [et al.]. 
264 4 |a Chilpancingo, México :  |b Gobierno del Estado de Guerrero;  |a México :  |b Patria,  |c 1989, c1989 
300 |a 168 p. ;  |c 19.5 cm. 
336 |a texto  |b txt  |2 rdacontenido 
337 |a sin mediación  |b n  |2 rdamedio 
338 |a volumen  |b nc  |2 rdasoporte 
649 |a XX 
650 |a Escritores Mexicanos -  |x Biografías 
650 |a Religiosos Mexicanos -  |x Biografías 
650 |a Políticos Italianos -  |x Biografías 
650 |a Cultura -  |x Congresos 
650 |a Literatura Mexicana -  |x Historia y Crítica 
650 |a Literatura Española -  |x Historia y Crítica 
650 |a Retablos -  |z México -  |x Historia y Crítica 
650 |a Religión -  |z México -  |x Historia -  |y Epoca Colonial, 1517-1821 
650 |a Patrimonio Artístico -  |z México -  |x Aspectos Jurídicos 
650 |a Patrimonio Histórico -  |z México -  |x Aspectos Jurídicos 
650 |a Medios de Comunicación -  |x Historia y Crítica 
650 |a Comunicación Masiva -  |x Historia y Crítica 
650 |a Política -  |z Italia -  |x Historia 
650 |a Taxco, Guerrero -  |x Historia 
650 |a México -  |x Historia 
650 |a Ruiz de Alarcón, Hernando 
650 |a Ruiz de Alarcón, Juan 
600 |a Maquiavelo, Nicolás 
700 |a Alcalá, Manuel  |e (autor) 
700 |a Azar, Héctor  |e (introducción) 
910 |a Fondo Julio de la Peña Lomelín 
920 |a Impresos - Libros 
930 |a Libros Antiguos y Raros 
940 |a Arquitectos Jaliscienses 
905 |a 108 
901 |a 0500128640  |b IT2  |c LRA  |u 20250526 
902 |a https://opac.biblio.iteso.mx/vufind/Record/000186923